| 000 | 00710nam a2200193 i 4500 | ||
|---|---|---|---|
| 001 | 159021 | ||
| 003 | ES-MaACL | ||
| 005 | 20251120063144.0 | ||
| 008 | 010720s1843 sp |||| | spa d | ||
| 080 | _a821.134.2-14"18" | ||
| 100 | 1 |
_aMartínez Villergas, Juan, _d1817-1894 _978481 |
|
| 245 | 1 | 3 |
_aEl baile de piñata / _cpor Juan Martinez Villergas. |
| 260 |
_aMadrid : _b[s.n.], _c1843 ( _fImprenta de Yenes) |
||
| 300 |
_a63 p. ; _c16 cm. |
||
| 530 | _aDisponible en sitio web. | ||
| 852 |
_aES-MaACL _jD-3880 _z-- Enc. hol. |
||
| 856 |
_uhttp://bibliotecadigitalhispanica.bne.es:80/webclient/DeliveryManager?pid=3157822&custom_att_2=simple_viewer _zIr a la página |
||
| 999 |
_c159021 _d159021 |
||